Statistics for Top FIFA Men's Country Rankings with Exceptions

Click here to take the quiz!

General Stats

  • This quiz has been taken 726 times
    (700 since last reset)
  • The average score is 14 of 21

Answer Stats

RankPts.Country% Correct
28822United States
88%
181012Mexico
87%
46644Japan
86%
35726Egypt
83%
44649Australia
81%
37699South Korea
81%
39687Algeria
76%
33743Senegal
75%
57587Morocco
74%
50619Nigeria
74%
29816Iran
71%
48641Saudi Arabia
71%
59572South Africa
70%
34733Côte d'Ivoire
67%
54610Ghana
67%
36730Tunisia
67%
171041Costa Rica
66%
49630DR Congo
52%
58582Panama
52%
61568Uzbekistan
16%
53611Burkina Faso
14%

Score Distribution

Percentile by Number Answered

Percent of People with Each Score

Your Score History

You have not taken this quiz since the last reset